<?xml version="1.0" encoding="UTF-8"?>
<marc:record xmlns:marc="http://www.loc.gov/MARC21/slim">
   <marc:leader>00000nam a2200000 a 4500</marc:leader>
   <marc:datafield ind1="1" ind2=" " tag="100">
      <marc:subfield code="a">Bauer, Christina</marc:subfield>
      <marc:subfield code="4">aut</marc:subfield>
      <marc:subfield code="e">Verfasser/-in</marc:subfield>
   </marc:datafield>
   <marc:datafield ind1=" " ind2=" " tag="653">
      <marc:subfield code="a">Weihnachten</marc:subfield>
   </marc:datafield>
   <marc:datafield ind1=" " ind2=" " tag="653">
      <marc:subfield code="a">Weihnachtsgebäck</marc:subfield>
   </marc:datafield>
   <marc:datafield ind1=" " ind2=" " tag="653">
      <marc:subfield code="a">Backen</marc:subfield>
   </marc:datafield>
   <marc:datafield ind1="0" ind2="0" tag="245">
      <marc:subfield code="a">Backen mit Christina</marc:subfield>
   </marc:datafield>
   <marc:datafield ind1="0" ind2="0" tag="245">
      <marc:subfield code="b">Gutes ganz einfach : das Rezeptheft : Weihnachten : Weihnachtsgebäck, weihnachtliche Kuchen und Torten, Geschenkideen aus der Bakstube, Deko-Tipps</marc:subfield>
   </marc:datafield>
   <marc:datafield ind1=" " ind2="1" tag="264">
      <marc:subfield code="b">Löwenzahn Verlag in der Studienverlag GesmbH</marc:subfield>
      <marc:subfield code="c">2019</marc:subfield>
   </marc:datafield>
   <marc:datafield ind1="1" ind2=" " tag="520">
      <marc:subfield code="a">Klappentext: Weihnachten: Für Christina Bauer die schönste Zeit im Jahr. Und dafür hat sie ihre Lieblingsrezepte in diesem besonderen Backmagazin zusammengetragen. Nicht nur Lebkuchenhaus, Rentier-Muffins oder Schoko-Mandel-Kekse finden sich hier, sondern auch weihnachtliche Geschenktipps wie selbstgemachte Trinkschokolade oder Backmischungen im Glas. Oder wie wäre es, gemeinsam mit Christina einen Adventkranz zu basteln? Eines ist jedenfalls klar: Hier stecken ganz viel Liebe, Zimtduft und Weihnachtserinnerungen drin.  Biografie Christina Bauer liebt das Backen - vor allem das einfache, alltagstaugliche. Nicht die Perfektion, sondern die Freude steht bei ihr im Vordergrund. Als Bäuerin und Bloggerin gibt sie ihr Wissen online, aber auch in Kursen an eine stetig wachsende Community weiter. Mittlerweile ist Christina weit über Salzburgs Grenzen hinaus bekannt: auf ihrem Blog und auf Facebook folgen ihr über 30.000 Backfans.</marc:subfield>
   </marc:datafield>
   <marc:datafield ind1=" " ind2=" " tag="020">
      <marc:subfield code="a">9783706626668</marc:subfield>
      <marc:subfield code="9">9783706626668</marc:subfield>
   </marc:datafield>
</marc:record>
